[Event "Washington Open Championship"]
[Site "Seattle, WA"]
[Date "2013.05.26"]
[Round "3"]
[White "Yang Richard  (WA)"]
[Black "Strong Edward  (WA)"]
[Result "1/2-1/2"]
[WhiteElo "1419"]
[BlackElo "1425"]
[Annotator ""]
[Source ""]
[Remark "Reserve"]

1.e4 c5 2.Nf3 d6 3.Bb5+ Nc6 4.d4 cxd4 5.Nxd4 Bd7 6.Nxc6 bxc6
7.Bc4 Nf6 8.Nc3 g6 9.O-O Bg7 10.Bg5 Qb6 11.Bb3 O-O 12.e5 Bg4
13.Na4 Bxd1 14.Nxb6 axb6 15.exf6 exf6 16.Raxd1 fxg5 17.Rxd6 Rac8
18.c3 Rfd8 19.Rfd1 Rxd6 20.Rxd6 Rc7 21.g3 Be5 22.Rd8+ Kg7 23.Kf1
h5 24.h3 Kf6 25.Ke2 c5 26.Bc4 Rb7 27.a4 Ra7 28.Bb5 Re7 29.Re8
Rxe8 30.Bxe8 Ke7 31.Bb5 f5 32.Kd3 g4 33.hxg4 fxg4 34.Ke4 Bc7
35.Kd5 g5 36.Be2 Kd7 37.Ke4 Ke6 38.b4 Be5 39.bxc5 bxc5 40.c4
Bc3 41.f4 gxf4 42.Kxf4 Kf6 43.Ke4 Ke6 44.Kf4 Bd2+ 45.Ke4 Be1
46.Kf4 Kf6 47.Bd1 1/2-1/2

[Event "Washington Open Championship"]
[Site "Seattle, WA"]
[Date "2013.05.26"]
[Round "3"]
[White "Hendricks David  (WA)"]
[Black "Jung Hubert  (WA)"]
[Result "1/2-1/2"]
[WhiteElo "1720"]
[BlackElo "1951"]
[Annotator ""]
[Source ""]
[Remark "Premier"]

1.d4 d5 2.Bf4 Nf6 3.e3 c6 4.Bd3 Nbd7 5.Nf3 e6 6.Nbd2 Be7 7.h3
b6 8.O-O O-O 9.Qe2 Bb7 10.e4 dxe4 11.Nxe4 Nxe4 12.Bxe4 Nf6 13.Bd3
c5 14.Rad1 cxd4 15.Nxd4 Qd5 16.Nf3 Qxa2 17.b3 Qa5 18.Rfe1 Qh5
19.Ne5 Qxe2 20.Rxe2 Rfd8 21.Red2 Kf8 22.Bc4 Rxd2 23.Rxd2 Rd8
24.Rxd8+ Bxd8 25.f3 Nd5 26.Bd2 Bc7 27.Ng4 Ke7 28.Kf2 h5 29.Ne3
Nxe3 30.Bxe3 Be5 31.Ke2 Kd6 32.Kd2 Bd5 33.Be2 g6 34.c4 Bb7 35.b4
Kc7 36.c5 bxc5 37.Bxc5 Bd6 38.Bxd6+ Kxd6 39.Bb5 Bc6 40.Ba6 Kd5
41.Kd3 e5 42.Bc4+ Kd6 43.Bxf7 Bb5+ 44.Kc3 Bf1 45.Bxg6 Bxg2 46.Bxh5
Bxh3 1/2-1/2

[Event "Washington Open Championship"]
[Site "Seattle, WA"]
[Date "2013.05.26"]
[Round "3"]
[White "Mehta Anand  (WA)"]
[Black "Buck Stephen  (WA)"]
[Result "0-1"]
[WhiteElo "1741"]
[BlackElo "1700"]
[Annotator ""]
[Source ""]
[Remark "Premier"]

1.d4 d5 2.Nf3 Nf6 3.e3 e6 4.c4 c6 5.Nc3 Be7 6.Bd3 O-O 7.O-O Nbd7
8.e4 dxe4 9.Nxe4 Nxe4 10.Bxe4 Nf6 11.Bc2 c5 12.b3 b6 13.Bb2 Bb7
14.Qe2 Bxf3 15.Qxf3 ( 15.gxf3 cxd4 16.Rad1 Bc5 17.Qe5 Qb8 18.Qxb8
Raxb8 19.Bxd4 Bxd4 20.Rxd4 Rfd8 21.Rfd1 Rxd4 22.Rxd4 Kf8 23.Kf1
Rc8 24.Be4 Ke7 25.Ke2 Nxe4 26.fxe4 Rc5 27.Kf3 {1/2-1/2, Nestorova-Petrova Lozanka (BUL) 2080 - Bratimirova Dimitrinka (BUL) 2078, Sofia (Bulgaria) 1987}
) cxd4 16.Rad1 e5 17.Rfe1 Qc7 18.Qh3 Bb4 19.Re2 Rfe8 20.a3 Bf8
21.Rde1 Rad8 22.f4 e4 23.Bxe4 Nxe4 24.Rxe4 Rxe4 25.Rxe4 d3 26.Re1
Qxf4 27.Bc3 Bxa3 28.b4 Bc1 29.Qg3 Qxg3 30.hxg3 d2 31.Rd1 Rd3 0-1

[Event "Washington Open Championship"]
[Site "Seattle, WA"]
[Date "2013.05.26"]
[Round "3"]
[White "Mikhailuk Slava  (WA)"]
[Black "Feng Roland  (WA)"]
[Result "0-1"]
[WhiteElo "2415"]
[BlackElo "2209"]
[Annotator ""]
[Source ""]
[Remark "Open"]

1.c4 Nf6 2.Nc3 e6 3.e4 d5 4.e5 d4 5.exf6 dxc3 6.bxc3 Qxf6 7.d4
b6 8.Nf3 Bb7 9.Be2 h6 10.O-O Bd6 11.c5 bxc5 12.Qa4+
( 12.Qa4+ c6 13.Rb1 Qe7 14.Ba3 Bc8 15.Ne5 Qc7 16.Bf3 O-O 17.g3
cxd4 18.cxd4 Bxa3 19.Qxa3 f6 20.Ng6 Rf7 21.Rfc1 Qd8 22.h4 a5
23.h5 Ba6 24.Qe3 Qd6 25.d5 cxd5 26.Rb6 Qd7 27.Rxe6 Bb5 28.Bxd5
Ra7 29.Qxa7 {1-0, Plantet Sebastien (FRA) 2343 - Hauroo Harris (FRA) 2122, Malakoff (France) 2006.04.09}
) Nd7 13.dxc5 Bxc5 14.Rd1 c6 15.Ba6 Bxa6 16.Qxc6 O-O 17.Qxa6
Ne5 18.Nxe5 Qxe5 19.Qd3 Rac8 20.Bd2 Rfd8 21.Qf3 Bb6 22.Be1 Rxd1
23.Rxd1 Rc4 24.Qd3 Re4 25.Kf1 f5 26.g3 Qc5 27.Qf3 Qc4+ 28.Kg2
Qxa2 29.Bd2 Qc4 30.Bxh6 Re2 31.Rd2 Re1 32.Qa8+ Kh7 33.Rd7 Qf1+
34.Kf3 Qxf2# 0-1

[Event "Washington Open Championship"]
[Site "Seattle, WA"]
[Date "2013.05.26"]
[Round "3"]
[White "Bashkansky Ethan  (WA)"]
[Black "Hadzic Huso  (WA)"]
[Result "1-0"]
[WhiteElo "1986"]
[BlackElo "2191"]
[Annotator ""]
[Source ""]
[Remark "Open"]

1.d4 Nf6 2.c4 e6 3.Nc3 Bb4 4.Qc2 O-O 5.Nf3 b6 6.e4 Bb7 7.Bd3
c5 8.e5 ( 8.d5 exd5 9.cxd5 h6 10.O-O Bxc3 11.bxc3 Re8 12.c4 d6
13.Bb2 Nbd7 14.Rae1 Ng4 15.Nd2 Qh4 16.h3 Nge5 17.f4 Ng6 18.Qc3
f6 19.Be2 Nxf4 20.Bd1 Ne5 21.g3 Nxh3+ 22.Kg2 Qg5 23.Kxh3 Bc8+
24.Kg2 Bd7 25.Nf3 Nxf3 26.Bxf3 b5 27.Bc1 Qe5 28.Qxe5 fxe5 29.Bh5
Rf8 30.Rxf8+ Rxf8 31.Re2 b4 32.Rf2 a5 33.Rxf8+ Kxf8 34.Bd1 Kf7
35.Kf3 g5 36.Ke3 Kf6 37.Kf3 Kg6 38.Kf2 Kf6 39.Ke1 Bh3 40.Ba4
Bg2 41.Bc2 Bf3 42.Kf2 Bg4 43.Ba4 Ke7 44.Ke3 Bh5 45.Bc2 Bg4 46.Bd3
Bd7 47.Be2 Ba4 48.Kd3 Kd8 49.Be3 Bd7 50.Kc2 Kc7 51.Kb3 Kb6 52.Kb2
Kc7 53.a3 Kb6 54.axb4 axb4 55.Kb3 Ka5 56.Bd2 Ba4+ 57.Kb2 Bd7
{1/2-1/2, Krueger Erich (GER) 2240 - Rath Michael (GER) 1947, Germany 1998}
) cxd4 9.exf6 dxc3 10.Bxh7+ Kh8 11.fxg7+ Kxg7 12.bxc3 Qf6 13.cxb4
Qxa1 14.O-O Bxf3 15.Bb2+ Qxb2 16.Qxb2+ Kxh7 17.gxf3 f6 18.Rd1
Rf7 19.b5 d5 20.cxd5 exd5 21.Qc2+ Kg7 22.Qc8 Rd7 23.Rd4 Kf7 24.Rh4
Kg7 25.Qh8+ Kf7 26.Rh7+ Ke6 27.Qe8+ Kd6 28.Rxd7+ Nxd7 29.Qxa8
Ne5 30.Qxa7 Nxf3+ 31.Kg2 Ne1+ 32.Kf1 Nf3 33.Qxb6+ Ke5 34.Qe3+ 1-0

[Event "Washington Open Championship"]
[Site "Seattle, WA"]
[Date "2013.05.26"]
[Round "3"]
[White "Taylor Thomas  (WA)"]
[Black "Mayer Jacob  (WA)"]
[Result "1-0"]
[WhiteElo "1621"]
[BlackElo "1331"]
[Annotator ""]
[Source ""]
[Remark "Reserve"]

1.c4 e5 2.Nc3 Nf6 3.g3 Bc5 4.Nf3 d6 5.Bg2 Nc6 6.d3 h6 7.O-O Bg4
8.Na4 Bd4 9.e3 ( 9.e3 Bc5 10.a3 a6 11.Nxc5 dxc5 12.Qb3 b6 13.Qc3
Bxf3 14.Bxf3 Qd6 15.Bxc6+ Qxc6 16.Qxe5+ Kd7 17.Rd1 Qd6 18.Qxd6+
cxd6 19.b4 cxb4 20.axb4 d5 21.Bb2 dxc4 22.Bxf6 gxf6 23.dxc4+
Ke6 24.Rd4 f5 25.Rad1 Ke7 26.Rd7+ Ke8 27.Rb7 a5 28.bxa5 bxa5
29.Rdd7 a4 30.Rxf7 a3 31.Ra7 Rxa7 32.Rxa7 {1-0, Wolf Harald - Grobek Christian, Waldfischbach (Germany) 1995}
) Bb6 10.Nxb6 axb6 11.Qc2 Qc8 12.Bd2 O-O 13.Bc3 Bh3 14.b4 Bxg2
15.Kxg2 Qf5 16.Nh4 Qe6 17.b5 Ne7 18.e4 c6 19.a4 d5 20.cxd5 cxd5
21.Nf3 d4 22.Bb4 Nd7 23.Qa2 Qf6 24.Rfc1 Rfc8 25.Rc2 Nc5 26.Bxc5
Rxc5 27.Rxc5 bxc5 28.Qc4 Qd6 29.a5 b6 30.a6 Ra7 31.Nd2 Kh7 32.Nb3
f5 33.f3 fxe4 34.fxe4 Qd7 35.Nxc5 Qg4 36.Qc2 Nc8 37.h3 Qh5 38.Ne6
Rf7 39.Ra2 Qf3+ 40.Kh2 Na7 41.Qe2 Qf6 42.Qg4 Qe7 43.Rc2 Nxb5
44.Rc6 Qb4 45.Qe2 Na7 46.Rc2 Qd6 47.Qg4 Nb5 48.Kg2 Qa3 49.Rf2
Rxf2+ 50.Kxf2 Qe7 51.Qf5+ Kg8 52.Qxe5 Nc7 53.Qxc7 Qf6+ 54.Nf4
b5 1-0

[Event "Washington Open Championship"]
[Site "Seattle, WA"]
[Date "2013.05.26"]
[Round "3"]
[White "Smith Andrew  (WA)"]
[Black "Haining Breck  (WA)"]
[Result "1/2-1/2"]
[WhiteElo "946"]
[BlackElo "1278"]
[Annotator ""]
[Source ""]
[Remark "Booster"]

1.e4 g6 2.Nc3 Bg7 3.f4 d6 4.Nf3 Nf6 5.Bc4 Nxe4 6.O-O Nxc3 7.dxc3
O-O 8.Nd4 d5 9.Bd3 c5 10.Nf3 c4 11.Be2 Bf5 12.Nd4 Be4 13.f5 Bxd4+
14.Qxd4 Nc6 15.Qe3 Qb6 16.f6 Qxe3+ 17.Bxe3 Bxc2 18.Rf2 exf6 19.Rxf6
Bf5 20.Rf1 Rfe8 21.Kf2 Re6 22.Bg5 Rae8 23.Rxe6 Rxe6 24.Bf3 Rd6
25.Re1 Kg7 26.Bf4 Rd7 27.Be3 a6 28.Rd1 Be6 29.g4 Ne5 30.Bd4 f6
31.g5 Nxf3 32.Kxf3 Kf7 33.gxf6 h5 34.Re1 Rd8 35.h4 Re8 36.Kf4
Bf5 37.Rxe8 Kxe8 38.Ke5 Kf7 39.Kxd5 b5 40.b3 cxb3 41.axb3 Be6+
42.Kc6 Bxb3 43.Kb6 Bc4 1/2-1/2

[Event "Washington Open Championship"]
[Site "Seattle, WA"]
[Date "2013.05.26"]
[Round "3"]
[White "Saarenas Mark  (WA)"]
[Black "O'Connell Sean (OR)"]
[Result "1/2-1/2"]
[WhiteElo "1874"]
[BlackElo "1764"]
[Annotator ""]
[Source ""]
[Remark "Premier"]

1.e4 g6 2.d4 Bg7 3.Nf3 d6 4.Be3 Nd7 5.Bd3 c5 6.c3 Ngf6 7.Qd2
Ng4 8.Bg5 h6 9.Bh4 O-O 10.h3 Ngf6 11.Na3 a6 12.Nc4 b5 13.Ne3
e5 14.dxe5 dxe5 15.Ng4 g5 16.Nxh6+ Bxh6 17.Bxg5 Bg7 18.h4 Qb6
19.h5 Nh7 20.h6 Bf6 21.Bxf6 Qxf6 22.O-O-O Nb6 23.Qe3 Qf4 24.Qxf4
exf4 25.Rh4 Be6 26.Rxf4 Rfd8 27.e5 Nc4 28.Bxh7+ Kxh7 29.Rxd8
Rxd8 30.Ng5+ Kxh6 31.Nxe6 fxe6 32.Rf6+ Kg5 33.Rxe6 Rd5 34.g3
Kg4 35.Rxa6 Nxe5 36.a4 Nd3+ 37.Kc2 bxa4 38.Rxa4+ Kf3 39.c4 Rd4
40.Ra3 Ke2 41.f4 Rxc4+ 42.Rc3 Rd4 43.Kb3 1/2-1/2

[Event "Washington Open Championship"]
[Site "Seattle, WA"]
[Date "2013.05.26"]
[Round "4"]
[White "Sinanan Joshua  (WA)"]
[Black "Doknjas John  (CAN)"]
[Result "1-0"]
[WhiteElo "2236"]
[BlackElo "1940"]
[Annotator ""]
[Source ""]
[Remark "Open"]

1.d4 Nf6 2.c4 c5 3.d5 e6 4.Nc3 exd5 5.cxd5 d6 6.g3 g6 7.Nf3 Bg7
8.Bg2 O-O 9.O-O Re8 10.Nd2 Nbd7 11.a4 a6 12.h3 Rb8 13.Nc4 Nb6
14.Na3 Bd7 15.e4 Nc8 {%02  (27 games in my database reached this position.  They were unanimous in the selection of this next move, Josh making it 28.)}
16.Qd3 Na7 17.Nc4 Nc8 18.a5 Bb5 19.Bd2 Nd7 20.f4 b6 21.axb6 Ncxb6
22.b3 Qf6 23.Ne2 Qxa1 24.Rxa1 Bxa1 25.Nc3 Bxc4 26.bxc4 Bxc3 27.Bxc3
Na4 28.Ba5 Rb7 29.e5 dxe5 30.d6 Ra7 ( 30...Rb2 ) 31.Bc6 exf4
32.Bxa4 Re3 33.Qb1 Rxg3+ 34.Kf2 Re3 35.Bc7 Nf6 36.Bc6 Rxh3 37.Qb8+ 1-0

[Event "Washington Open Championship"]
[Site "Seattle, WA"]
[Date "2013.05.26"]
[Round "4"]
[White "Rajagopal Maneesh  (WA)"]
[Black "McCorkle Wade  (WA)"]
[Result "1/2-1/2"]
[WhiteElo "1048"]
[BlackElo "1288"]
[Annotator ""]
[Source ""]
[Remark "Booster"]

1.d4 Nf6 2.c4 e6 3.Nc3 d5 4.Nf3 Nbd7 5.Bg5 c6 6.Qc2 Qa5 7.a3
h6 8.Bh4 Ne4 9.Rc1 Nxc3 10.Qxc3 Qxc3+ 11.Rxc3 Nb6 12.c5 Nd7 13.e3
Be7 14.Bxe7 Kxe7 15.Bd3 g5 16.h3 f6 17.b4 a6 18.Rc1 Nf8 19.a4
Bd7 20.Rb1 Kf7 21.Kd2 Ng6 22.Rhc1 e5 23.Bxg6+ Kxg6 24.dxe5 f5
25.Nd4 Kf7 26.f4 Rhg8 27.Rg1 Rg7 28.g3 Rag8 29.Rgf1 g4 30.h4
Ra8 31.b5 axb5 32.axb5 Ra2+ 33.Kd3 Ra3+ 34.Kd2 Ra2+ 35.Kc3 Ra3+
36.Kd2 ( 36.Rb3 {+-} ) Ra2+ 1/2-1/2

[Event "Washington Open Championship"]
[Site "Seattle, WA"]
[Date "2013.05.26"]
[Round "4"]
[White "Egbert Michael  (WA)"]
[Black "Higinbotham Hugh  (WA)"]
[Result "1-0"]
[WhiteElo "1883"]
[BlackElo "1468"]
[Annotator ""]
[Source ""]
[Remark "Open"]

1.e4 e6 2.d4 d5 3.Nc3 Nf6 4.Bg5 Be7 5.e5 Nfd7 6.h4 f6 7.Bd3 O-O
8.Qh5 f5 9.g4 g6 ( 9...Nb6 10.gxf5 exf5 11.Nge2 Nc6 12.O-O-O
Be6 13.Rdg1 Bf7 14.Qf3 Kh8 15.Qg2 Bxg5+ 16.hxg5 g6 17.Rxh7+ Kxh7
18.Qh3+ Kg8 19.Qh6 Be8 20.Rh1 Kf7 21.Qh7+ Ke6 22.Nf4# {1-0, Theunissen Kris (BEL) 2171 - Engelbosch Maurice, Lommel (Belgium) 1993}
) 10.Qh6 Rf7 11.Bxe7 Qxe7 12.gxf5 gxf5 13.Nge2 Nf8 14.Rg1+ Kh8
15.O-O-O c5 16.Rg5 Rg7 17.Rdg1 Rxg5 18.Rxg5 Nbd7 19.Nf4 cxd4
20.Ncxd5 exd5 21.e6 Ne5 22.Bxf5 Bxe6 23.Bxe6 Ned7 24.Rg8# 1-0

[Event "Washington Open Championship"]
[Site "Seattle, WA"]
[Date "2013.05.26"]
[Round "4"]
[White "Lee Kevin  (WA)"]
[Black "Robeal Rafik  (WA)"]
[Result "1-0"]
[WhiteElo "1900"]
[BlackElo "1572"]
[Annotator ""]
[Source ""]
[Remark "Open"]

1.Nf3 Nf6 2.c4 g6 3.g3 Bg7 4.Bg2 O-O 5.O-O d6 6.Nc3 e5 7.Rb1
a5 8.d3 Na6 9.a3 Nc5 10.b4 axb4 11.axb4 Ne6 12.Bb2 Nh5 13.Ra1
Rxa1 14.Qxa1 Bd7 15.Nd2 c6 16.Qa7 Bc8 17.b5 Bh6 18.Nb3 Qd7 19.Na5
cxb5 20.Nxb5 Nc5 21.Ba3 Re8 22.Nxd6 Qxd6 23.Qxc5 Qd8 24.Qd5 Qb6
25.Qb5 Qa7 26.Qxe8+ 1-0

[Event "Washington Open Championship"]
[Site "Seattle, WA"]
[Date "2013.05.26"]
[Round "4"]
[White "Hadzic Huso  (WA)"]
[Black "He Anthony  (WA)"]
[Result "1-0"]
[WhiteElo "2191"]
[BlackElo "1728"]
[Annotator ""]
[Source ""]
[Remark "Open"]

1.e4 e5 2.Nf3 Nc6 3.Bc4 Bc5 4.O-O Nf6 5.d4 exd4 6.e5 d5 7.exf6
dxc4 8.Re1+ Be6 9.Ng5 Qd5 10.Nc3 Qf5 11.g4 Qg6 12.Nce4 Bb6 13.f4
O-O-O 14.f5 Bxf5 15.gxf5 Qxf5 16.Kh1 Qd5 ( 16...gxf6 17.Qf3 Qxf3+
18.Nxf3 Nb4 19.Nxf6 Nxc2 20.Bf4 Nxa1 21.Rxa1 c3 22.bxc3 dxc3
23.Rc1 Rd3 24.Ne1 Rd2 25.Nc2 Re2 26.Nd5 Ba5 27.Nd4 Rxa2 28.Nxc3
Bxc3 29.Rxc3 c6 30.Nf5 Kd7 31.Rd3+ Ke6 32.Ng7+ Ke7 33.Re3+ Kd7
34.Rd3+ Ke7 35.Re3+ Kd8 36.Rd3+ Ke7 {1/2-1/2, Blackburne Joseph H (ENG) - Teichmann Richard (GER), Nuernberg (Germany) 1896}
) 17.Qg4+ Kb8 18.Qg2 g6 19.Ng3 Qd7 20.Bd2 h6 21.N5e4 h5 22.Ng5
h4 23.N3e4 d3 24.c3 Rde8 25.h3 Nd8 26.a4 a6 27.Be3 Bxe3 28.Rxe3
Ne6 29.Nxe6 Qxe6 30.Nc5 Qc8 31.Rae1 Rxe3 32.Rxe3 b6 33.Ne4 Qd7
34.Nd2 Qxa4 35.Re4 Qa1+ 36.Kh2 Qxb2 37.Rxc4 Qb5 ( 37...Re8 )
38.Re4 Re8 39.Qf3 Rd8 40.c4 Qb4 41.Qf4 Qd6 42.Kg2 Qxf4 43.Rxf4
Rd6 44.Kf3 c5 45.Ke3 a5 46.Ne4 Rd4 47.Rxh4 a4 48.Rg4 Kb7 49.Nc3
a3 50.Kd2 Rd8 51.Nb5 Rh8 52.Nxa3 Rxh3 53.Re4 Kc6 54.Nb5 Rf3 55.Re7
Rf2+ 56.Kxd3 Rf3+ 57.Ke2 Rxf6 58.Rc7# 1-0

[Event "Washington Open Championship"]
[Site "Seattle, WA"]
[Date "2013.05.26"]
[Round "4"]
[White "Smith Andrew  (WA)"]
[Black "Cohen Jed  (WA)"]
[Result "1-0"]
[WhiteElo "988"]
[BlackElo "1050"]
[Annotator ""]
[Source ""]
[Remark "Booster"]

1.e4 e5 2.Nf3 Nc6 3.d4 exd4 4.Bc4 d6 5.Nxd4 Nf6 6.Nc3 Bg4 7.Qd3
( 7.f3 Bd7 8.Be3 Be7 9.Qd2 a6 10.a3 Nxd4 11.Bxd4 O-O 12.O-O Be6
13.Be2 Nd7 14.f4 f5 15.exf5 Bxf5 16.g4 Be6 17.f5 Bf7 18.Be3 h6
19.Rf3 Bg5 20.Raf1 Re8 21.Qd4 Qf6 22.Qd2 Rxe3 23.Rxe3 Bxe3+ 24.Qxe3
Re8 25.Qf4 Qe5 26.Qxe5 Rxe5 27.Bd3 Nf6 28.h3 Re3 29.Kh2 Kf8 30.Rf4
Ke7 31.h4 h5 32.g5 Ng4+ 33.Kg2 d5 34.Be2 c5 35.Bxg4 hxg4 36.Rxg4
Kd6 37.Kf2 Re5 38.Rf4 b5 39.f6 g6 40.Ne2 a5 41.Ke1 Re3 42.Kd2
Rh3 43.c3 Ke5 44.Rf1 Rxh4 45.Ng1 Rh2+ 46.Kc1 Ke4 47.Re1+ Kf4
48.Rf1+ Ke4 49.Nf3 Rh5 50.Nd2+ Ke5 51.Re1+ Kf4 52.Nb3 Kxg5 {1/2-1/2, Ryll Henning - Grellmann Thomas, Mecklenburg-Vorpommern (Germany) 2001}
) Ne5 8.Qf1 g6 9.Bg5 Bg7 10.Bb3 O-O 11.f3 Bd7 12.O-O-O c5 13.Nde2
b5 14.Bd5 Rb8 15.Ng3 b4 16.Nce2 a5 17.f4 Neg4 18.Qf3 Qb6 19.h3
Nh6 20.Bc4 Be6 21.Bxe6 fxe6 22.f5 Nd7 23.Qb3 gxf5 24.Qxe6+ Nf7
25.Nxf5 Qb5 26.Nf4 Rbe8 27.Ne7+ Kh8 28.Bh4 Nd8 29.Nfg6+ hxg6
30.Nxg6+ Kh7 31.Nxf8+ Rxf8 32.Bxd8 Rxd8 33.Rxd6 c4 34.Rhd1 Nf8
35.Qf5+ Qxf5 36.exf5 Rxd6 37.Rxd6 Kg8 38.Ra6 Kf7 39.Rxa5 Nd7
40.Rb5 Bf8 41.c3 bxc3 42.bxc3 Kf6 43.a4 Bc5 44.g4 Ba7 45.Kd1
Kg5 46.Rb7 Bc5 47.Rxd7 Kf6 48.Rc7 Bb6 49.Rxc4 ( 49.Rc6+ ) Kf7
50.Re4 Ba5 51.c4 Bb4 52.g5 Kg7 53.Kc2 Bc5 54.a5 Kf7 55.h4 Kg7
56.h5 Kf7 57.h6 Kg8 58.g6 Kf8 59.g7+ Kg8 60.Re8+ Kf7 61.g8Q+
Kf6 62.Qg6# 1-0

[Event "Washington Open Championship"]
[Site "Seattle, WA"]
[Date "2013.05.26"]
[Round "4"]
[White "Buchignani Paul  (WA)"]
[Black "Yeo Joey  (WA)"]
[Result "1-0"]
[WhiteElo "1508"]
[BlackElo "1062"]
[Annotator ""]
[Source ""]
[Remark "Reserve"]

1.e4 c5 2.Nc3 Nc6 3.f4 d6 4.Nf3 g6 5.Bb5 Bd7 6.O-O Bg7 7.d3 Nf6
8.Rb1 Qc7 9.Qe1 O-O 10.b3 a6 11.Bc4 Rae8 12.a4 Bg4 13.Nd5 Nxd5
14.Bxd5 Bxf3 15.Rxf3 Nd4 16.Rf2 e6 17.c3 exd5 18.cxd4 Bxd4 19.Be3
Bg7 20.Rc1 dxe4 21.d4 b6 22.dxc5 dxc5 23.a5 Qb7 24.axb6 f6 25.Bxc5
Rf7 26.Be3 Rd7 27.Qb4 Kh8 28.Rfc2 h6 29.Rc7 Rxc7 30.Rxc7 Qb8
31.Qd6 Rd8 32.Qe7 Rg8 33.Kf1 Qd8 34.Qxd8 Rxd8 35.b7 g5 36.Rc8 1-0

[Event "Washington Open Championship"]
[Site "Seattle, WA"]
[Date "2013.05.26"]
[Round "4"]
[White "Gottumukkala Ananth  (WA)"]
[Black "Truong Kenneth  (WA)"]
[Result "0-1"]
[WhiteElo "414"]
[BlackElo "1815"]
[Annotator ""]
[Source ""]
[Remark "Open"]

1.e4 d5 2.exd5 Qxd5 3.Nc3 Qd6 4.Nf3 Nf6 5.d3 a6 6.g3 e5 7.Bg5
Be7 8.Bg2 Nc6 9.O-O Bg4 10.Qd2 O-O-O 11.a3 h6 12.Bxf6 Qxf6 13.Ne1
Nd4 14.b4 Qb6 15.h4 g5 16.Qe3 gxh4 17.f3 Ne2+ 18.Kf2 Qxe3+ 19.Kxe3
Nxc3 20.fxg4 hxg3 21.Kd2 Nb5 22.Rxf7 Bg5+ 23.Ke2 Rhf8 24.Rxf8
Rxf8 25.Nf3 Nd4+ 26.Nxd4 Rf2+ 0-1

[Event "Washington Open Championship"]
[Site "Seattle, WA"]
[Date "2013.05.26"]
[Round "4"]
[White "Allen Robert  (WA)"]
[Black "Zhang Derek  (WA)"]
[Result "1/2-1/2"]
[WhiteElo "1700"]
[BlackElo "1870"]
[Annotator ""]
[Source ""]
[Remark "Open"]

1.d4 e6 2.c4 f5 3.Nc3 Nf6 4.g3 d5 5.Bg2 c6 6.cxd5 exd5 7.Nf3
Bd6 8.O-O Nbd7 9.Nh4 Nb6 10.Qc2 Ne4 11.f3 Nxc3 12.bxc3 f4 13.Nf5
Bxf5 14.Qxf5 fxg3 15.hxg3 Qd7 16.Qh5+ Qf7 17.Qh4 Be7 18.Qf4 Qxf4
19.Bxf4 O-O 20.e4 c5 21.e5 cxd4 22.cxd4 Rac8 23.Rac1 Nc4 24.Bh3
Rc6 25.Rb1 b6 26.Bd7 Rg6 27.Kf2 a6 28.Bc1 Rd8 29.Bf5 Rc6 30.f4
b5 31.Bh3 Nb6 32.Rd1 Na4 33.Be3 Rh6 ( 33...Nc3 ) 34.Rh1 Nc3 35.Rbc1
b4 36.e6 Rf6 37.f5 Rff8 38.Rc2 h6 39.Bd2 Ne4+ 40.Kf3 Nxd2+ 41.Rxd2
Rc8 42.Rhd1 a5 1/2-1/2

[Event "Washington Open Championship"]
[Site "Seattle, WA"]
[Date "2013.05.26"]
[Round "4"]
[White "Tang Ryan  (WA)"]
[Black "Gulamali Freya  (WA)"]
[Result "0-1"]
[WhiteElo "949"]
[BlackElo "1157"]
[Annotator ""]
[Source ""]
[Remark "Booster"]

1.e4 e5 2.Nf3 Nc6 3.Bc4 Bc5 4.d3 d6 5.Nc3 Nf6 6.h3 Be6 7.Bb3
Bb4 8.O-O Bxc3 9.bxc3 h6 10.d4 exd4 11.Nxd4 Nxd4 12.Qxd4 O-O
13.Re1 Re8 14.Ba3 Nd7 15.Rad1 Ne5 16.f4 Nc6 17.Qe3 Bxb3 18.cxb3
Qf6 19.Bb2 Rad8 20.Re2 Qg6 21.f5 Qg5 22.Qxg5 hxg5 23.Re3 d5 24.Rg3
dxe4 25.Rxd8 Rxd8 26.c4 f6 27.h4 Rd2 28.Bc3 Rd3 29.Rxd3 exd3
30.hxg5 fxg5 31.Kf2 Kf7 32.Ke3 Ne7 33.g4 Ng8 34.Kf3 Nf6 35.Bxf6
Kxf6 36.Ke3 Ke5 37.a3 d2 38.Kxd2 Kf4 39.Kd3 Kxg4 40.Ke4 Kg3 41.b4
g4 42.a4 Kf2 43.Ke5 g3 44.Ke6 g2 45.Kd7 g1Q 46.Kxc7 Qf1 47.c5
Qc4 48.Kxb7 Qxb4+ 49.Kxa7 Qxa4+ 50.Kb6 Qb4+ 51.Kc6 Ke3 52.Kd5
Qd4+ 53.Kc6 Ke4 54.Kb5 Kd5 55.c6 Qc5+ 56.Ka4 Kc4 57.f6 Qb4# 0-1

[Event "Washington Open Championship"]
[Site "Seattle, WA"]
[Date "2013.05.26"]
[Round "4"]
[White "Lomboy Gilbert  (WA)"]
[Black "Pothukuchi Revanth  (WA)"]
[Result "1-0"]
[WhiteElo "1558"]
[BlackElo "1097"]
[Annotator ""]
[Source ""]
[Remark "Booster"]

1.e4 e5 2.Nf3 Nc6 3.Bb5 a6 4.Ba4 Nf6 5.O-O b5 6.Bb3 Be7 7.Re1
O-O 8.a4 Bb7 9.axb5 axb5 10.Rxa8 Bxa8 11.Nc3 b4 12.Nd5 Nxd5 13.exd5
Na5 ( 13...Na5 14.c4 d6 15.Ba2 c6 16.d4 exd4 17.Nxd4 cxd5 18.cxd5
Bf6 19.Nf5 Qb6 20.Bb1 Nc4 21.Qd3 Nxb2 22.Ne7+ Bxe7 23.Qxh7# {1-0, Triunfetti Claudio (ARG) 2256 - Lu David (HKG) 1861, Internet 2003.03.15}
) 14.c4 bxc3 15.dxc3 Nxb3 16.Qxb3 d6 17.c4 Qb8 18.Qa3 c6 19.Nxe5
dxe5 20.Qxe7 cxd5 21.cxd5 Bxd5 22.Qxe5 Qxe5 23.Rxe5 Rc8 24.Bd2
Rd8 25.Bc3 Bb3 26.f4 Rd1+ 27.Kf2 f6 28.Re7 Rc1 29.h4 Rc2+ 30.Re2
Rxe2+ 31.Kxe2 Kf7 32.Kd3 Bd5 33.g4 g6 34.b4 f5 35.g5 Ke6 36.b5
Kd6 37.Bb4+ Ke6 38.Bc5 Bb7 39.Kd4 Bd5 40.Bb4 Bb7 41.Kc5 Kd7 42.Kb6
Kc8 43.Bd6 1-0

[Event "Washington Open Championship"]
[Site "Seattle, WA"]
[Date "2013.05.26"]
[Round "4"]
[White "Michaels Trey  (WA)"]
[Black "Lapid Shafriri Gil  (WA)"]
[Result "1/2-1/2"]
[WhiteElo "1811"]
[BlackElo "2192"]
[Annotator ""]
[Source ""]
[Remark "Open"]

1.Nf3 d5 2.g3 Nf6 3.Bg2 e6 4.O-O Be7 5.d3 O-O 6.Nbd2 c5 7.c3
Nc6 8.Qc2 e5 9.e4 d4 10.Nc4 Bd6 11.a4 Bc7 12.Bd2 h6 13.h3 Be6
14.cxd4 Nxd4 15.Nxd4 cxd4 16.b3 Rc8 17.Qd1 Qe7 18.f4 Bxc4 19.dxc4
Bd6 20.Qf3 Nd7 21.f5 Qd8 22.f6 Qxf6 23.Qxf6 Nxf6 24.Bxh6 Nh5
25.g4 gxh6 26.gxh5 Be7 27.Rf5 Rfe8 28.Rd1 b6 29.Rxe5 f6 30.Rb5
Rc5 31.Bf3 Kf7 32.Bg4 Rxb5 33.axb5 a5 34.bxa6 Ra8 35.Rf1 Rxa6 1/2-1/2

[Event "Washington Open Championship"]
[Site "Seattle, WA"]
[Date "2013.05.26"]
[Round "4"]
[White "Perez Ignacio  (WA)"]
[Black "He Daniel  (WA)"]
[Result "0-1"]
[WhiteElo "2254"]
[BlackElo "2131"]
[Annotator ""]
[Source ""]
[Remark "Open"]

1.d4 Nf6 2.c4 e6 3.a3 c5 4.e3 d5 5.Nc3 Nc6 6.Nf3 Be7 7.Bd3 O-O
8.O-O dxc4 9.Bxc4 cxd4 10.exd4 Nd5 11.Re1 Bf6 12.Ne4 Be7 13.Qd3
( 13.Qd3 b6 14.Neg5 g6 15.Ne4 Bb7 16.Bh6 Re8 17.Rad1 Rc8 18.Ba2
Rc7 19.h4 Nf6 20.Nfg5 Nd5 21.Qf3 Bf8 22.Bxd5 Bxh6 23.Nf6+ Kg7
24.Nxe8+ Qxe8 25.Bxc6 Rxc6 26.d5 Rd6 27.Qc3+ Kg8 28.Ne4 Qe7 29.Nxd6
Qxd6 30.dxe6 {1-0, Janotta Patrick (FRA) 2140 - Perrichon Jim (FRA) 2090, Paris (France) 2003}
) h6 14.Bd2 Re8 15.Rac1 Nf6 16.Ba2 Nxe4 17.Qxe4 Bd7 18.Rc3 Bf8
19.Qg4 e5 20.Qh5 Be6 21.d5 g6 22.Qh4 Bxd5 23.Bg5 hxg5 24.Nxg5
Bg7 25.Qh7+ Kf8 26.Nxf7 Bxf7 27.Bxf7 Kxf7 28.Rf3+ Qf6 29.Rxf6+
Kxf6 30.Qh4+ g5 31.Qg4 Nd4 32.Rc1 Re7 33.Rc3 Rh8 34.Rg3 Kf7 35.Qe4
Bf6 36.Qd5+ Kg7 37.Re3 Rc8 38.h4 Ne6 39.hxg5 Nxg5 40.Rg3 Rec7
41.f4 {?} Rc1+ 42.Kh2 Rh8+ 43.Rh3 Nxh3 44.Qxb7+ Kh6 45.fxe5 Bxe5+
46.Kxh3 Kg5+ 0-1

[Event "Washington Open Championship"]
[Site "Seattle, WA"]
[Date "2013.05.26"]
[Round "4"]
[White "Arganian David (WA)"]
[Black "Tiglon Bryce  (WA)"]
[Result "1-0"]
[WhiteElo "2000"]
[BlackElo "2113"]
[Annotator ""]
[Source ""]
[Remark "Open"]

1.e4 c5 2.d4 cxd4 3.c3 Nf6 4.e5 Nd5 5.cxd4 d6 6.Bd3 Nc6 7.Nf3
Bg4 8.Be4 Nb6 9.O-O d5 10.Bc2 e6 11.a3 Rc8 12.Nc3 f6 13.Re1 fxe5
14.dxe5 Be7 15.h3 Bh5 16.g4 Bf7 17.Bf4 O-O 18.Bg3 Be8 19.Kg2
Nc4 20.b4 Nxb4 21.axb4 Bxb4 22.Bh4 Qb6 23.Na4 Bxa4 24.Bxa4 Bxe1
25.Qxe1 Rc7 26.Rb1 Qc5 27.Qb4 Qxb4 28.Rxb4 h6 29.Nd4 Kf7 30.f4
g6 31.Nb5 a5 32.Rb3 Rc5 33.Bf2 d4 34.Nxd4 b6 35.Bd7 Ke7 36.Nxe6 1-0

[Event "Washington Open Championship"]
[Site "Seattle, WA"]
[Date "2013.05.26"]
[Round "4"]
[White "Cordero Rowland  (WA)"]
[Black "Mayer Jacob  (WA)"]
[Result "0-1"]
[WhiteElo "1586"]
[BlackElo "1331"]
[Annotator ""]
[Source ""]
[Remark "Reserve"]

1.e4 d5 2.exd5 Qxd5 3.Nc3 Qd6 4.d4 Nf6 5.Nf3 a6 6.Be2 Nc6 7.O-O
Bf5 8.a3 e6 9.Qd2 Be7 10.b4 O-O 11.Bb2 b5 12.Rac1 Rad8 13.h3
e5 14.d5 Nxd5 15.Nxd5 Qxd5 16.Qe3 e4 17.c4 Qe6 18.Nd4 Nxd4 19.Bxd4
Qg6 20.Rcd1 c6 21.Kh1 Be6 22.f4 f5 23.Rg1 Qh6 24.g4 fxg4 25.Bxg4
Bxg4 26.Rxg4 Bf6 27.Kh2 Bxd4 28.Rxd4 Rxd4 29.Qxd4 Rxf4 30.Qd8+
Rf8 31.Qd4 e3 32.Re4 Rf2+ 33.Kg3 Qg5+ 34.Rg4 Qe7 35.c5 h5 36.Rg6
h4+ 37.Kg4 Rg2+ 38.Kh5 Rxg6 39.Kxg6 Qf7+ 40.Kg5 Qe6 41.Qf4 Qh6+
42.Kg4 Qe6+ 43.Qf5 Qxf5+ 44.Kxf5 e2 0-1